Т. 12: Мировое самолетостроение; Авиастроение

গ্রন্থ-পঞ্জীর বিবরন
Parent link:Авиастроение/ Академия наук СССР (АН СССР), Всесоюзный институт научной и технической информации (ВИНИТИ). Т. 12: Мировое самолетостроение.— , 1973-1991
প্রধান লেখক: Струков Ю. П.
ভাষা:রুশ
প্রকাশিত: 1991
বিষয়গুলি:
বিন্যাস: গ্রন্থ
KOHA link:https://koha.lib.tpu.ru/cgi-bin/koha/opac-detail.pl?biblionumber=206148

MARC

LEADER 00000nam2a2200000 4500
001 206148
005 20231101225327.0
035 |a (RuTPU)RU\TPU\book\224709 
035 |a RU\TPU\book\224707 
090 |a 206148 
100 |a 20111226d1991 k y0rusy50 ca 
101 0 |a rus 
102 |a RU 
105 |a a z 000zy 
200 0 |a Т. 12: Мировое самолетостроение   |f Ю. П. Струков 
210 |d 1991 
215 |a 285 с.  |c ил. 
461 1 |0 (RuTPU)RU\TPU\book\223995  |t Авиастроение  |f Академия наук СССР (АН СССР), Всесоюзный институт научной и технической информации (ВИНИТИ)  |v Т. 12: Мировое самолетостроение  |d 1973-1991  |s Авиастроение 
606 1 |a Авиастроение  |2 stltpush  |3 (RuTPU)RU\TPU\subj\106  |9 29139 
610 1 |a летательные аппараты 
610 1 |a обзоры 
610 1 |a самолеты 
610 1 |a дозвуковые самолеты 
610 1 |a грузовые самолеты 
610 1 |a транспортные самолеты 
610 1 |a административные самолеты 
610 1 |a военные самолеты 
610 1 |a малозаметные самолеты 
610 1 |a сверхзвуковые самолеты 
610 1 |a ракеты-носители 
610 1 |a бомбардировщики 
675 |a 629.73.002  |v 3 
700 1 |a Струков  |b Ю. П. 
801 1 |a RU  |b 63413507  |c 20111222 
801 2 |a RU  |b 63413507  |c 20111226  |g RCR 
942 |c BK